| 000 | 00944nam a2200301 a 4500 | ||
|---|---|---|---|
| 999 |
_c163 _d163 |
||
| 001 | vtls000634596 | ||
| 003 | PNM | ||
| 005 | 20190729115952.0 | ||
| 008 | 110228s2006 xxk e 000 1 eng d | ||
| 020 | _a9780007230587 (pbk.) : | ||
| 039 | 9 |
_a201108091541 _bmarsila _c201102281110 _diliza |
|
| 040 |
_aPNM _cKH8 _dKH8 |
||
| 082 | 0 | 4 |
_aFIC MOR _222 |
| 090 | 2 | 0 | _bMOR |
| 100 | 1 |
_aMorpurgo, Michael _eauthor |
|
| 245 | 1 | 0 |
_aAlone on a wide wide sea / _cMichael Morpurgo |
| 260 |
_aUnited Kingdom : _bHarperCollins , _c2006 |
||
| 300 |
_a312p. ; _c20cm. |
||
| 500 | _a"A ward-winning author of private peaceful" -- cover | ||
| 650 | 1 | 0 |
_aYachts _xDesign and construction _vJuvenile fiction |
| 650 | 2 | 0 |
_aOrphans _zAustralia _vJuvenile fiction |
| 650 | 2 | 0 |
_aBrothers and sisters _vJuvenile fiction |
| 942 |
_2ddc _cFIC |
||
| 949 |
_61000591655 _e1842241 |
||
| 949 |
_61000591656 _e1842242 |
||
| 949 |
_61000591657 _e1842243 |
||
| 949 | _61000649466 | ||